000 00356nam a2200157Ia 4500
003 Ost
005 20260225132541.0
008 260225s9999||||xx |||||||||||||| ||und||
040 _cfsic
041 _afre
082 _a306.44
100 _apierre Bouidieu
_eAuteur
245 0 _aSociologie de L'Algerie /
245 0 _cpierre Bouidieu
942 _cكتاب
999 _c33546
_d33546